01498nam a2200361 a 4500001001200000003000800012006001900020007001500039008004100054010001700095020003000112020002700142020002700169040002100196035002100217050002500238082001700263245018000280260004900460300003700509490004200546504005100588533015200639650001800791650003900809650001900848655002900867700003000896710001700926830005000943856012600993999001701119ebr10680813CaPaEBRm u cr cn|||||||||100917s2011 nyua sb 001 0 eng d z 2010036438 z9781616689643 (hardcover) z1616689641 (hardcover) z9781617286315 (e-book) aCaPaEBRcCaPaEBR a(OCoLC)78290561914aR857.N34bS87 2011eb04a610.28/422200aSuperparamagnetic iron oxide nanoparticlesh[electronic resource] :bsynthesis, surface engineering, cytotoxicity and biomedical applications /cMorteza Mahmoudi ... [et al.]. aNew York :bNova Science Publishers,cc2011. axii, 225 p. :bill., col. ports.1 aNanotechnology science and technology aIncludes bibliographical references and index. aElectronic reproduction.bPalo Alto, Calif. :cebrary,d2013.nAvailable via World Wide Web.nAccess may be limited to ebrary affiliated libraries. 0aNanomedicine. 0aFerric oxidexMagnetic properties. 0aNanoparticles. 7aElectronic books.2local1 aMahmoudi, Morteza,d1979-2 aebrary, Inc. 0aNanotechnology science and technology series.40uhttp://site.ebrary.com/lib/rucke/Doc?id=10680813zAn electronic book accessible through the World Wide Web; click to view c60227d60227